00480nam a2200121Ia 4500008004100000024004900041082001700090100006900107245009600176260002600272600002700298650003300325260210s9999 xx 000 0 und d a12B-=131-EL, 12B-156-EL & 12B-165-EL a621.35072MUH aMuhammad Mubeen, Hassan Ahsan Mallick & Umair Shahid Mallick 0aImplementation of Water Injection System to Control Cement Grinding Temperature Through PLC aKarachi:bUITU,c2012 aElectrical Engineering aBachelor of Engineering (BE)